Obálka Náhled e-knihy:
PDF
Pro půjčování e-knih musíte být přihlášeni.
Jak si půjčit online?

Sůl moře /

Druhá světová válka je téměř u konce. Statisíce Němců prchají před postupující Rudou armádou. Stejně jako Joana, Emilia a Florian, jejichž cesty se zkřížily na lodi, která slibovala spásu a cestu ke svobodě. Donuceni okolnostmi drží při sobě, ale když se zdá záchrana na dosah, udeří tragédie. Původ,...

Celý popis

Uloženo v:
Hlavní autor: Sepetysová, Ruta (Autor)
Médium: E-kniha
Jazyk:Czech
Vydáno: Praha : Albatros Media a.s., 2022
Tagy:
Žádné tagy
LEADER 01414nam a22002297i 4500
001 311545
007 ta
008 260601s2022 xr ||||| |||| 00| 0 cze d
020 |a 9788076612945 
044 |a xr 
100 1 |a  Sepetysová, Ruta  |4 aut 
245 1 0 |a Sůl moře /  |c  Sepetysová, Ruta 
240 1 0 |a Salt to the Sea 
264 1 |a Praha :  |b Albatros Media a.s.,  |c 2022 
300 |a 1 online zdroj (352 stran) 
336 |a text  |b txt  |2 rdacontent 
337 |a bez média  |b n  |2 rdamedia 
338 |a online zdroj  |b cr  |2 rdacarrier 
520 2 |a Druhá světová válka je téměř u konce. Statisíce Němců prchají před postupující Rudou armádou. Stejně jako Joana, Emilia a Florian, jejichž cesty se zkřížily na lodi, která slibovala spásu a cestu ke svobodě. Donuceni okolnostmi drží při sobě, ale když se zdá záchrana na dosah, udeří tragédie. Původ, kultura, společenský status? Nic z toho není člověku platné, nic z toho ho totiž neušetří. Všichni lidé na palubě teď chtějí jediné: přežít.  
910 |a RBIT002 
998 |d 350760  |a https://core.palmknihy.cz/api/books/350760/cover?si5y6x  |b https://core.palmknihy.cz/api/books/350760/cover/400?si5y6x  |c https://core.palmknihy.cz/api/books/350760/cover/50?si5y6x  |e 2027-03-23  |g 352  |i 9788076612945  |k https://core.palmknihy.cz/api/books/350760/preview.pdf  |l   |q 49  |r 1  |s https://www.palmknihy.cz/kniha/350760  |t ebook  |y 2022  |z 1 
999 |d 311543